Statistics for Croatia country quiz

Click here to take the quiz!

General Stats

  • This quiz has been taken 27 times
  • The average score is 8 of 9

Answer Stats

HintAnswer% Correct
bosnia and herzegovina
100%
montenegro
100%
slovenia
100%
capital cityzagreb
100%
hungary
96%
serbia
96%
Major peninsula Croatia lies onbalkan
92%
second biggest citysplit
92%
Bordering countriescroatia
21%

Score Distribution

Percentile by Number Answered

Percent of People with Each Score

Your Score History

You have not taken this quiz